00724nam a2200241 a 4500001001300000003000900013005001700022008004100039020002300080082001300103100001800116245007800134260002700212300000900239500003500248505001000283650002700293700001800320902000800338942000700346952011400353999001500467nice12345678IN_TiNIC20260116012726.0050524s1989 cala grr 000 0 eng  a0912552 c10000a025bPAT aPate, Larry D aFrom Every Peopleb Handbook of Two-Thirds World Missions With Directory. aCaliforniabMARCc1989 a310p aincludes index and biblioraphy2 aindex aDirectory-Christianity1 aPate, Larry D bSRS cBK 001040708StackRoom-aHMIbHMId2007-03-15g100.00l0o025 PATp013687r2007-03-15v100.00w2005-05-24yBK c8118d8118